Zambia Country Quiz - Statistics

General Stats
  • This quiz has been taken 48 times
    31 since last reset
  • The average score is 8 of 17
Answer Stats
Question Answer % Correct
What is the official language? English
100%
What is the capital of Zambia? Lusaka
91%
What is the most famous waterfall on the border with Zimbabwe? Victoria Falls
87%
Which European nation colonized Zambia? United Kingdom
83%
What name was Zambia known by from 1911-1964? Northern Rhodesia
70%
Which river is the waterfall located on? Zambezi River
70%
Who discovered that waterfall? David Livingstone
57%
What are the largest lakes in Zambia? Lake Tanganyika
52%
What is the currency? Zambian Kwacha
35%
Who was the founding father of Zambia? Kenneth Kaunda
30%
What is the second biggest city? Kitwe
30%
Though not official, which language is most spoken? Bemba
22%
Lake Kariba
22%
Who is the current president of Zambia? Edgar Lungu
17%
Lake Mweru
17%
What is the national dish of Zambia? Nshima
17%
Lake Bangweulu
13%
No matching quizzes found
Score Distribution
Percent of People with Each Score
Percentile by Number Answered
Your Score History
You have not taken this quiz since the last reset